تأثير السياسات الاقتصادية على الحملات الإعلانية فى الصحف اليومية : (رقم التسجيلة. 53337)

تفاصيل مارك
000 -LEADER
fixed length control field 02412cam a2200325 a 4500
003 - CONTROL NUMBER IDENTIFIER
control field EG-GiCUC
005 - DATE AND TIME OF LATEST TRANSACTION
control field 20250223031336.0
008 - FIXED-LENGTH DATA ELEMENTS--GENERAL INFORMATION
fixed length control field 151116s2015 ua do f m 000 0 ara d
040 ## - CATALOGING SOURCE
Original cataloging agency EG-GiCUC
Language of cataloging ara
Transcribing agency EG-GiCUC
041 0# - LANGUAGE CODE
Language code of text/sound track or separate title ara
049 ## - LOCAL HOLDINGS (OCLC)
Holding library ايداع
097 ## - Thesis Degree
Thesis Level دكتوراه
099 ## - LOCAL FREE-TEXT CALL NUMBER (OCLC)
Classification number Cai01.15.02.Ph.D.2015.أح.ت
100 0# - MAIN ENTRY--PERSONAL NAME
Personal name أحمد محمود عبدالحليم محمود
245 10 - TITLE STATEMENT
Title تأثير السياسات الاقتصادية على الحملات الإعلانية فى الصحف اليومية :
Remainder of title دراسة تقويمية خلال عام 2008/
Statement of responsibility, etc. أحمد محمود عبدالحليم محمود ؛ إشراف محمود سليمان علم الدين
246 15 - VARYING FORM OF TITLE
Title proper/short title The effect of economic policies on the advertising campaigns in the daily newspapers :
Remainder of title An assessment study during 2008
260 ## - PUBLICATION, DISTRIBUTION, ETC.
Place of publication, distribution, etc. القاهرة :
Name of publisher, distributor, etc. أحمد محمود عبدالحليم محمود :
Date of publication, distribution, etc. 2015
300 ## - PHYSICAL DESCRIPTION
Extent 338 ورقة :
Other physical details رسوم بيانية : صور ؛
Dimensions 30سم
502 ## - DISSERTATION NOTE
Dissertation note أطروحة (دكتوراه) - جامعة القاهرة - كلية الإعلام - قسم الصحافة
520 ## - SUMMARY, ETC.
Summary, etc. تتناول الدراسة السياسات الاقتصادية و تأثيرها على الحملات الإعلانية فى الصحف اليومية ( دراسة تقويمية خلال عام 2008 ) باعتبار هذه السياسات مدخلات تؤثر فى الممارسة الإعلانية للحملات الإعلانية لتفرز مجموعة من المخرجات المالية و الاقتصادية و الفنية و الاجتماعية و الثقافية و الأخلاقية التى تحدد طبيعة الأداء الإعلانى الصحفى مع الأخذ فى الاعتبار العوامل البيئية التى تشكل هذه السياسات سواء من داخل منظمات الأعمال أو شركات و وكالات الإعلان و الصحف و المؤسسات الصحفية : أو من خارجها
530 ## - ADDITIONAL PHYSICAL FORM AVAILABLE NOTE
Additional physical form available note صدر ايضا كقرص مدمج
653 #4 - INDEX TERM--UNCONTROLLED
Uncontrolled term الحملات الإعلانية فى الصحف
653 #4 - INDEX TERM--UNCONTROLLED
Uncontrolled term السياسات الاقتصادية
653 #4 - INDEX TERM--UNCONTROLLED
Uncontrolled term الصحف اليومية
700 0# - ADDED ENTRY--PERSONAL NAME
Personal name محمود سليمان علم الدين :
Relator term
856 ## - ELECTRONIC LOCATION AND ACCESS
Uniform Resource Identifier <a href="http://172.23.153.220/th.pdf">http://172.23.153.220/th.pdf</a>
905 ## - LOCAL DATA ELEMENT E, LDE (RLIN)
Cataloger Enas
Reviser Cataloger
905 ## - LOCAL DATA ELEMENT E, LDE (RLIN)
Cataloger Nazla
Reviser Revisor
942 ## - ADDED ENTRY ELEMENTS (KOHA)
Source of classification or shelving scheme Dewey Decimal Classification
Koha item type Thesis
المقتنيات
Source of classification or shelving scheme Not for loan Home library Current library Date acquired Full call number Barcode Date last seen Koha item type Copy number
Dewey Decimal Classification   المكتبة المركزبة الجديدة - جامعة القاهرة قاعة الرسائل الجامعية - الدور الاول 11.02.2024 Cai01.15.02.Ph.D.2015.أح.ت 01010100021316000 22.09.2023 Thesis  
Dewey Decimal Classification   المكتبة المركزبة الجديدة - جامعة القاهرة مخـــزن الرســائل الجـــامعية - البدروم 11.02.2024 Cai01.15.02.Ph.D.2015.أح.ت 01020100021316000 22.09.2023 CD - Rom 21316.CD
Cairo University Libraries Portal Implemented & Customized by: Eng. M. Mohamady Contacts: new-lib@cl.cu.edu.eg | cnul@cl.cu.edu.eg
CUCL logo CNUL logo
© All rights reserved — Cairo University Libraries
CUCL logo
Implemented & Customized by: Eng. M. Mohamady Contact: new-lib@cl.cu.edu.eg © All rights reserved — New Central Library
CNUL logo
Implemented & Customized by: Eng. M. Mohamady Contact: cnul@cl.cu.edu.eg © All rights reserved — Cairo National University Library